Calcul mental #5 - Statistiques

Statistiques générales
  • Ce quiz a été pris 44 fois
  • Le résultat moyen est 44 sur 50
Statistiques - réponses
Opération Réponse % Correct
90 : 10 = 9
100%
-6 + 5 = -1
97%
-8 + -6= -14
97%
10 x -2 = -20
97%
6 x 1 = 6
97%
0 - 9 = -9
97%
-16 - -6 = -10
95%
? : 5 = 7 35
95%
? x 1 = 1 1
92%
? x 5 = 50 10
92%
-3 + -8 = -11
92%
6 x -2 = -12
92%
5 + 8 = 13
92%
-2 - ? = -4 2
92%
-4 - -1 = -3
92%
6 + -2 = 4
92%
-15 : -3 = 5
92%
-5 : -1 = 5
92%
? + 1 = 2 1
89%
? x -8 = 8 -1
89%
36 : 9 = 4
89%
4 - -1 = 5
89%
-2 x -3 = 6
89%
-1 + 7 = 6
89%
12 - ? = 6 6
89%
70 : ? = -10 -7
89%
-70 : 10 = -7
89%
72 : 8 = 9
89%
3 x -3 = -9
89%
18 : 2 = 9
89%
-7 - 3 = -10
86%
8 + ? = 18 10
86%
? + 9 = 3 -6
86%
-70 : -10 = 7
86%
-4 x -7 = 28
84%
? - 2 = -10 -8
84%
-1 x -8 = 8
84%
6 + ? = 16 10
81%
? - 1 = -4 -3
81%
6 x 8 = 48
81%
1 + -6 = -5
81%
9 x ? = 54 6
81%
-9 - -2 = -7
81%
? - 1 = -5 -4
78%
? + 9 = 7 -2
76%
-14 - ? = -10 -4
76%
16 - 8 = 8
73%
? x 6 = -12 -2
70%
? + -8 = 9 17
68%
? + -10 = -2 8
65%
Aucun quiz correspondant
Distribution des résultats
% des personnes avec chaque résultat
Percentile par nombre de réponses
Votre historique - résultats
Vous n’avez pas pris ce quiz